Obchodní společnosti nově. 3.
Komanditná spoločnosť je prechodnou formou medzi osobnou spoločnosťou a spoločnosťou kapitálovou. Charakteristika dvoch typov spoločníkov komanditnej spoločnosti: komandistu a komplementára.
Saved in:
| Format: | Book Chapter |
|---|---|
| Language: | Czech |
| Subjects: | |
| Tags: |
No Tags, Be the first to tag this record!
|
MARC
| LEADER | 00000naa a2200000 4500 | ||
|---|---|---|---|
| 001 | r006808 | ||
| 005 | 20221125075637.2 | ||
| 041 | 0 | |a cze | |
| 044 | |a [CS] | ||
| 245 | 1 | 0 | |a Obchodní společnosti nově. 3. |
| 520 | |a Komanditná spoločnosť je prechodnou formou medzi osobnou spoločnosťou a spoločnosťou kapitálovou. Charakteristika dvoch typov spoločníkov komanditnej spoločnosti: komandistu a komplementára. | ||
| 610 | 2 | 0 | |a spoločnosti obchodné |
| 610 | 2 | 0 | |a predpisy právne |